[Event "Hessenliga 1718"]
[Site "Hessen"]
[Date "2018.01.28"]
[Round "6.6"]
[White "Egenolf, Dirk"]
[Black "Waffenschmidt, Joachim"]
[Result "1/2-1/2"]
[WhiteElo "1995"]
[BlackElo "1995"]
[PlyCount "79"]
[EventDate "2017.09.17"]
[EventType "team-tourn"]
[EventRounds "9"]
[EventCountry "GER"]
[SourceTitle "CBM 189 Extra"]
[Source "ChessBase"]
[SourceDate "2019.06.03"]
[SourceVersion "1"]
[SourceVersionDate "2019.06.03"]
[SourceQuality "1"]
[WhiteTeam "Niederbrechen"]
[BlackTeam "Frankfurt BvK"]
[WhiteTeamCountry "GER"]
[BlackTeamCountry "GER"]

1. e4 e6 2. d3 d5 3. Nd2 Nf6 4. Ngf3 c5 5. g3 Nc6 6. Bg2 Be7 7. 0-0 0-0 8. Re1 b5 9. e5 Nd7 10. Nf1 f6 11. exf6 Nxf6 12. Bh3 Kh8 13. Bxe6 Bxe6 14. Rxe6 Qd7 15. Re1 Qg4 16. Kg2 Bd6 17. Bd2 Qh5 18. h3 d4 19. Nh4 Qf7 20. Nh2 Ne5 21. f4 Nh5 22. Rf1 Ng6 23. Nxg6+ Qxg6 24. Qg4 Qf7 25. b3 g5 26. fxg5 Qd5+ 27. Qe4 Qxe4+ 28. dxe4 Nxg3 29. Rxf8+ Rxf8 30. Re1 Nxe4 31. Rxe4 Bxh2 32. Re7 Bf4 33. Bxf4 Rxf4 34. Rxa7 Re4 35. Kf2 Re3 36. Ra5 Rc3 37. Rxb5 Rxc2+ 38. Ke1 Rxa2 39. Rxc5 Rb2 40. Rd5 1/2-1/2

[Event "Hessenliga 1718"]
[Site "Hessen"]
[Date "2017.11.19"]
[Round "3.7"]
[White "Egenolf, Dirk"]
[Black "Sandten, Ulrich"]
[Result "1/2-1/2"]
[WhiteElo "1995"]
[BlackElo "2068"]
[PlyCount "120"]
[EventDate "2017.09.17"]
[EventType "team-tourn"]
[EventRounds "9"]
[EventCountry "GER"]
[SourceTitle "CBM 189 Extra"]
[Source "ChessBase"]
[SourceDate "2019.06.03"]
[SourceVersion "1"]
[SourceVersionDate "2019.06.03"]
[SourceQuality "1"]
[WhiteTeam "Niederbrechen"]
[BlackTeam "Offenbach"]
[WhiteTeamCountry "GER"]
[BlackTeamCountry "GER"]

1. e4 d6 2. d4 Nf6 3. Nc3 e5 4. dxe5 dxe5 5. Qxd8+ Kxd8 6. Bg5 Be6 7. 0-0-0+ Nbd7 8. Nf3 Kc8 9. a3 c6 10. h3 Kc7 11. Nd2 Bc5 12. Bh4 b5 13. g4 a5 14. a4 b4 15. Ne2 b3 16. cxb3 Rab8 17. g5 Nh5 18. Kc2 Rb4 19. Nc1 Rhb8 20. Bc4 Nf4 21. Bg3 Bxc4 22. Nxc4 f6 23. gxf6 gxf6 24. Bxf4 exf4 25. f3 Ne5 26. Nxe5 fxe5 27. Nd3 Bd4 28. Nxb4 Rxb4 29. Rh2 c5 30. Ra1 c4 31. Ra3 cxb3+ 32. Rxb3 Rxa4 33. Rg2 Ra1 34. Rg7+ Kc6 35. Rxh7 a4 36. Ra3 Rf1 37. Rxa4 Rxf3 38. Ra5 Rf2+ 39. Kd3 Rxb2 40. Rh6+ Kb7 41. h4 f3 42. Raa6 Rb3+ 43. Kc2 Rb2+ 44. Kd3 Rb3+ 45. Kc4 Rc3+ 46. Kb4 f2 47. Raf6 Rc7 48. Rh8 Bb6 49. Kb3 Rc1 50. Rhf8 Re1 51. Rxf2 Bxf2 52. Rxf2 Re3+ 53. Kc2 Rxe4 54. Rh2 Rf4 55. h5 Kc6 56. h6 Rf8 57. h7 Rh8 58. Kd3 Kd5 59. Rh5 Ke6 60. Ke4 Kf6 1/2-1/2

[Event "Hessenliga 1617"]
[Site "Hessen"]
[Date "2017.03.26"]
[Round "8.5"]
[White "Egenolf, Dirk"]
[Black "Sunder, Thomas"]
[Result "0-1"]
[WhiteElo "1995"]
[BlackElo "2188"]
[PlyCount "64"]
[EventDate "2016.09.18"]
[EventType "team-tourn"]
[EventRounds "9"]
[EventCountry "GER"]
[SourceTitle "EXT 2018"]
[Source "ChessBase"]
[SourceDate "2017.10.13"]
[SourceVersion "1"]
[SourceVersionDate "2017.10.13"]
[SourceQuality "1"]
[WhiteTeam "Niederbrechen"]
[BlackTeam "Giessen"]
[WhiteTeamCountry "GER"]
[BlackTeamCountry "GER"]

1. e4 Nf6 2. d3 e5 3. Nf3 Nc6 4. g3 d5 5. Nbd2 dxe4 6. dxe4 Bc5 7. Bg2 0-0 8. 0-0 Qe7 9. c3 a5 10. a4 Rd8 11. Qc2 b6 12. Nc4 Ba6 13. b3 Bxc4 14. bxc4 Rd6 15. Nh4 g6 16. Nf3 Rad8 17. Nd2 Qe6 18. h3 h5 19. Kh2 h4 20. g4 Nh7 21. Nf3 Qxc4 22. Nxh4 Rd3 23. Qa2 Rxc3 24. f4 Qxa2 25. Rxa2 exf4 26. Bxf4 g5 27. Bxc7 Rd7 28. Bg3 gxh4 29. Bxh4 Bd6+ 30. Kh1 Be5 31. Raf2 Rdd3 32. Bf3 Bd4 0-1

[Event "Frankfurt-chA"]
[Site "Frankfurt"]
[Date "2016.06.13"]
[Round "7"]
[White "Egenolf, Dirk"]
[Black "Medvedovski, Michael"]
[Result "1/2-1/2"]
[WhiteElo "1911"]
[BlackElo "1995"]
[PlyCount "65"]
[EventDate "2016.04.25"]
[EventType "swiss"]
[EventRounds "9"]
[EventCountry "GER"]
[SourceTitle "EXT 2018"]
[Source "ChessBase"]
[SourceDate "2017.10.13"]
[SourceVersion "1"]
[SourceVersionDate "2017.10.13"]
[SourceQuality "1"]

1. e4 c5 2. Nf3 Nc6 3. d3 e5 4. g3 Be7 5. Bg2 d6 6. 0-0 f5 7. c3 Nf6 8. Nh4 fxe4 9. dxe4 Be6 10. Nf5 0-0 11. Nxe7+ Qxe7 12. Na3 a6 13. Nc2 Rad8 14. Ne3 Qf7 15. Nd5 Ne7 16. Nxf6+ Qxf6 17. f4 Bc4 18. Rf3 exf4 19. Rxf4 Qe6 20. b3 Bb5 21. Rxf8+ Kxf8 22. c4 Bc6 23. Qe1 Ng6 24. Bb2 Kg8 25. Rd1 Ne5 26. Bxe5 Qxe5 27. Qe3 Rf8 28. Qd2 Rf6 29. Re1 Qh5 30. Rf1 Rxf1+ 31. Kxf1 Bd7 32. Qd5+ Qxd5 33. cxd5 1/2-1/2

[Event "Rhein Main op-A 19th"]
[Site "Bad Homburg"]
[Date "2016.05.28"]
[Round "5"]
[White "Egenolf, Dirk"]
[Black "Beyer, Felix"]
[Result "0-1"]
[WhiteElo "1987"]
[BlackElo "2107"]
[PlyCount "48"]
[EventDate "2016.05.25"]
[EventType "swiss"]
[EventRounds "7"]
[EventCountry "GER"]
[SourceTitle "EXT 2017"]
[Source "ChessBase"]
[SourceDate "2016.10.25"]
[SourceVersion "1"]
[SourceVersionDate "2016.10.25"]
[SourceQuality "1"]

1. e4 c5 2. Nf3 e6 3. d3 Nc6 4. g3 d5 5. Nbd2 Bd6 6. Bg2 Nge7 7. 0-0 0-0 8. Re1 Qc7 9. Qe2 f6 10. c3 Bd7 11. Nf1 d4 12. N3d2 e5 13. Nc4 b5 14. Nxd6 Qxd6 15. f4 Be6 16. f5 Bf7 17. cxd4 Nxd4 18. Qf2 Nec6 19. Be3 Nb4 20. g4 Nxd3 21. Qh4 Nxe1 22. Rxe1 Nc2 23. Re2 Nxe3 24. Rxe3 h6 0-1

[Event "Frankfurt-chA"]
[Site "Frankfurt"]
[Date "2016.05.23"]
[Round "4"]
[White "Hinz, Andre"]
[Black "Egenolf, Dirk"]
[Result "0-1"]
[WhiteElo "1698"]
[BlackElo "1911"]
[PlyCount "108"]
[EventDate "2016.04.25"]
[EventType "swiss"]
[EventRounds "9"]
[EventCountry "GER"]
[SourceTitle "EXT 2018"]
[Source "ChessBase"]
[SourceDate "2017.10.13"]
[SourceVersion "1"]
[SourceVersionDate "2017.10.13"]
[SourceQuality "1"]

1. c4 g6 2. g3 Bg7 3. Bg2 d6 4. Nc3 e5 5. e4 Ne7 6. Nge2 0-0 7. 0-0 Nbc6 8. d3 Bd7 9. Nd5 Nxd5 10. cxd5 Ne7 11. Be3 c5 12. Qd2 a5 13. b3 b5 14. f4 f6 15. Rac1 b4 16. Rf2 Kh8 17. Rcf1 Ng8 18. h3 a4 19. g4 axb3 20. axb3 Ra3 21. fxe5 fxe5 22. Rxf8 Bxf8 23. Bg5 Be7 24. Bh6 g5 25. d4 Nxh6 26. dxe5 dxe5 27. d6 Bf6 28. Qd5 Ra5 29. Ng3 c4 30. Qb7 cxb3 31. Nh5 Bg7 32. Rb1 Rb5 33. Qa7 Qb6+ 34. Qxb6 Rxb6 35. Rxb3 Nf7 36. Rb1 Nxd6 37. Ra1 b3 38. Bf1 b2 39. Ra8+ Ne8 40. Bd3 b1Q+ 41. Bxb1 Rxb1+ 42. Kh2 Kg8 43. Ra7 Bc6 44. Kg3 Rb3+ 45. Kh2 Bxe4 46. Rxg7+ Nxg7 47. Nf6+ Kf7 48. Nxe4 Ne6 49. Kg2 Nf4+ 50. Kh2 Rxh3+ 51. Kg1 h6 52. Kf2 Ke6 53. Ng3 Rxg3 54. Kxg3 Kd5 0-1

[Event "Frankfurt-chA"]
[Site "Frankfurt"]
[Date "2015.06.15"]
[Round "7"]
[White "Egenolf, Dirk"]
[Black "Makilla, Tobias"]
[Result "1/2-1/2"]
[WhiteElo "1930"]
[BlackElo "1767"]
[PlyCount "68"]
[EventDate "2015.04.27"]
[EventType "swiss"]
[EventRounds "7"]
[EventCountry "GER"]
[SourceTitle "EXT 2016"]
[Source "ChessBase"]
[SourceDate "2015.10.08"]
[SourceVersion "1"]
[SourceVersionDate "2015.10.08"]
[SourceQuality "1"]

1. e4 e5 2. Nf3 Nc6 3. Bb5 a6 4. Ba4 Nf6 5. 0-0 b5 6. Bb3 Be7 7. c3 Nxe4 8. Re1 Nc5 9. Nxe5 Nxe5 10. Rxe5 Nd3 11. Re3 Nxc1 12. Qxc1 0-0 13. Qd1 Bb7 14. d4 Bg5 15. Re1 Qf6 16. Nd2 Bh4 17. g3 Bg5 18. Ne4 Qf5 19. Nxg5 Qxg5 20. Re5 Qf6 21. f4 Rae8 22. Qe2 Rxe5 23. fxe5 Qc6 24. d5 Qc5+ 25. Qf2 Qxf2+ 26. Kxf2 Re8 27. Re1 Kf8 28. Kf3 d6 29. Kf4 Rxe5 30. Rxe5 dxe5+ 31. Kxe5 Ke7 32. c4 bxc4 33. Bxc4 f6+ 34. Kd4 Kd6 1/2-1/2

[Event "Rhein Main op-A 18th"]
[Site "Bad Homburg"]
[Date "2015.06.05"]
[Round "4"]
[White "Fieberg, Samuel"]
[Black "Egenolf, Dirk"]
[Result "1/2-1/2"]
[WhiteElo "2168"]
[BlackElo "1959"]
[PlyCount "36"]
[EventDate "2015.06.03"]
[EventType "swiss"]
[EventRounds "7"]
[EventCountry "GER"]
[SourceTitle "CBM 167 Extra"]
[Source "ChessBase"]
[SourceDate "2015.09.14"]
[SourceVersion "1"]
[SourceVersionDate "2015.09.14"]
[SourceQuality "1"]

1. e4 c5 2. Nf3 d6 3. d4 cxd4 4. Nxd4 Nf6 5. Nc3 a6 6. Be2 g6 7. Be3 Nc6 8. 0-0 Bg7 9. f4 0-0 10. Kh1 Bd7 11. Bf3 Rc8 12. Nb3 b5 13. Nd5 Nxd5 14. exd5 Na5 15. Nxa5 Qxa5 16. c3 b4 17. Bd4 bxc3 18. bxc3 Bxd4 1/2-1/2

[Event "Rhein Main op-A 18th"]
[Site "Bad Homburg"]
[Date "2015.06.03"]
[Round "1"]
[White "Jansen, Dirk Norbert"]
[Black "Egenolf, Dirk"]
[Result "1-0"]
[WhiteElo "2159"]
[BlackElo "1959"]
[PlyCount "75"]
[EventDate "2015.06.03"]
[EventType "swiss"]
[EventRounds "7"]
[EventCountry "GER"]
[SourceTitle "CBM 167 Extra"]
[Source "ChessBase"]
[SourceDate "2015.09.14"]
[SourceVersion "1"]
[SourceVersionDate "2015.09.14"]
[SourceQuality "1"]

1. e4 c5 2. Nf3 e6 3. d4 cxd4 4. Nxd4 Nf6 5. Nc3 Bb4 6. e5 Nd5 7. Bd2 Nxc3 8. bxc3 Be7 9. Qg4 g6 10. Qg3 a6 11. h4 h5 12. Bd3 Rg8 13. f4 d6 14. exd6 Qxd6 15. Rb1 Nd7 16. Nf3 Bf6 17. 0-0 Nc5 18. Ne5 Nxd3 19. cxd3 Qd8 20. Qf3 Qd5 21. Qf2 Kf8 22. c4 Qd8 23. g3 Kg7 24. Rb6 Be7 25. Qe3 Rh8 26. Ba5 Qe8 27. Bc3 f6 28. Nf3 Kf7 29. Ng5+ fxg5 30. fxg5+ Kg8 31. Rxe6 Rh7 32. Re5 Qd7 33. Bb4 Qh3 34. Rxe7 Rxe7 35. Rf8+ Kxf8 36. Qxe7+ Kg8 37. Qf8+ Kh7 38. Qf7+ 1-0

[Event "Frankfurt-chA"]
[Site "Frankfurt"]
[Date "2015.06.01"]
[Round "5"]
[White "Egenolf, Dirk"]
[Black "Hochmuth, Christian"]
[Result "1/2-1/2"]
[WhiteElo "1930"]
[BlackElo "1795"]
[PlyCount "40"]
[EventDate "2015.04.27"]
[EventType "swiss"]
[EventRounds "7"]
[EventCountry "GER"]
[SourceTitle "EXT 2016"]
[Source "ChessBase"]
[SourceDate "2015.10.08"]
[SourceVersion "1"]
[SourceVersionDate "2015.10.08"]
[SourceQuality "1"]

1. e4 c6 2. d4 d5 3. exd5 cxd5 4. c4 Nf6 5. Nc3 e6 6. Nf3 Be7 7. Bf4 0-0 8. c5 b6 9. b4 bxc5 10. bxc5 Nc6 11. Bb5 Bb7 12. 0-0 Ne4 13. Qc2 g5 14. Be3 Nxc3 15. Qxc3 f6 16. Rab1 Qc7 17. Qd2 Rf7 18. Qe2 Rg7 19. Rfd1 Qc8 20. Qd2 Bd8 1/2-1/2

[Event "Frankfurt-chA"]
[Site "Frankfurt"]
[Date "2015.05.04"]
[Round "2"]
[White "Heun, Andreas"]
[Black "Egenolf, Dirk"]
[Result "1/2-1/2"]
[WhiteElo "1571"]
[BlackElo "1930"]
[PlyCount "50"]
[EventDate "2015.04.27"]
[EventType "swiss"]
[EventRounds "7"]
[EventCountry "GER"]
[SourceTitle "EXT 2016"]
[Source "ChessBase"]
[SourceDate "2015.10.08"]
[SourceVersion "1"]
[SourceVersionDate "2015.10.08"]
[SourceQuality "1"]

1. e4 c5 2. Nc3 Nc6 3. Bb5 Nd4 4. Bc4 a6 5. a4 b6 6. d3 e6 7. Nge2 Ne7 8. Nxd4 cxd4 9. Ne2 Nc6 10. 0-0 Be7 11. f4 0-0 12. Ng3 Bh4 13. Qf3 Kh8 14. Bd2 Bxg3 15. Qxg3 f5 16. b4 Bb7 17. c3 d5 18. exd5 exd5 19. Bb3 dxc3 20. Bxc3 d4 21. Bd2 b5 22. Rfe1 Rf6 23. axb5 axb5 24. Rxa8 Bxa8 25. Re2 Rf8 1/2-1/2

[Event "Rhein Main op-A 17th"]
[Site "Bad Homburg"]
[Date "2014.06.21"]
[Round "5"]
[White "Egenolf, Dirk"]
[Black "Schwenkreis, Thomas"]
[Result "1-0"]
[WhiteElo "1930"]
[BlackElo "2187"]
[PlyCount "57"]
[EventDate "2014.06.18"]
[EventType "swiss"]
[EventRounds "7"]
[EventCountry "GER"]
[SourceTitle "CBM 161 Extra"]
[Source "ChessBase"]
[SourceDate "2014.08.29"]
[SourceVersion "1"]
[SourceVersionDate "2014.08.29"]
[SourceQuality "1"]

1. e4 e5 2. Nf3 Nc6 3. Bb5 Nge7 4. 0-0 d6 5. h3 Bd7 6. c3 g6 7. d4 Bg7 8. d5 Nb8 9. Bxd7+ Nxd7 10. c4 0-0 11. Nc3 h6 12. Ne1 f5 13. f3 f4 14. Nd3 g5 15. b4 Nf6 16. a4 Qd7 17. a5 h5 18. Kf2 c6 19. Qa4 Qc7 20. Bd2 cxd5 21. cxd5 Qc4 22. Ke2 Rfc8 23. Rac1 Qd4 24. Nb5 Nxe4 25. Nxd4 Ng3+ 26. Kf2 Nxf1 27. Rxc8+ Rxc8 28. Kxf1 exd4 29. Qd7 1-0

[Event "Frankfurt-chA"]
[Site "Frankfurt"]
[Date "2014.06.02"]
[Round "6"]
[White "Hochmuth, Christian"]
[Black "Egenolf, Dirk"]
[Result "1/2-1/2"]
[WhiteElo "1770"]
[BlackElo "1906"]
[PlyCount "74"]
[EventDate "2014.04.28"]
[EventType "swiss"]
[EventRounds "7"]
[EventCountry "GER"]
[SourceTitle "EXT 2015"]
[Source "ChessBase"]
[SourceDate "2014.11.20"]
[SourceVersion "1"]
[SourceVersionDate "2014.11.20"]
[SourceQuality "1"]

1. d4 Nf6 2. c4 g6 3. Nc3 Bg7 4. e4 d6 5. f3 Nbd7 6. Be3 c5 7. Nge2 a6 8. d5 Ne5 9. Nc1 0-0 10. Be2 Rb8 11. a4 Bd7 12. h3 Qa5 13. f4 Nxe4 14. fxe5 Nxc3 15. Qd2 Bxe5 16. Na2 Bg3+ 17. Kf1 Qxa4 18. Qxc3 Be5 19. Qc1 b5 20. Nc3 Qb4 21. Rxa6 bxc4 22. Kf2 Qxb2 23. Qxb2 Rxb2 24. Rc1 Rb3 25. Bd2 Rb2 26. Ke1 Rfb8 27. Ra7 Bf5 28. Bxc4 Kg7 29. g4 Bc8 30. Nd1 R2b7 31. Rxb7 Rxb7 32. Ba6 Rb8 33. Bxc8 Rxc8 34. Rb1 Ra8 35. Rb7 Ra3 36. Nf2 Bg3 37. Ke2 Ra2 1/2-1/2

[Event "Rhein Main op-A 16th"]
[Site "Bad Homburg"]
[Date "2013.05.30"]
[Round "3"]
[White "Egenolf, Dirk"]
[Black "Weiland, Thomas"]
[Result "1/2-1/2"]
[WhiteElo "1909"]
[BlackElo "2015"]
[PlyCount "33"]
[EventDate "2013.05.29"]
[EventType "swiss"]
[EventRounds "7"]
[EventCountry "GER"]
[SourceTitle "EXT 2014"]
[Source "ChessBase"]
[SourceDate "2013.11.20"]
[SourceVersion "1"]
[SourceVersionDate "2013.11.20"]
[SourceQuality "1"]

1. e4 d5 2. exd5 Nf6 3. c4 e6 4. dxe6 Bxe6 5. Nf3 Nc6 6. Be2 Bc5 7. 0-0 0-0 8. a3 a5 9. Nc3 Re8 10. Nb5 Nd4 11. Nbxd4 Bxd4 12. d3 Bf5 13. Nh4 Bc8 14. Nf3 Bf5 15. Nh4 Bc8 16. Nf3 Bf5 17. Nh4 1/2-1/2

[Event "Hessen-ch Gr-C 64th"]
[Site "Bad Vilbel"]
[Date "2010.04.03"]
[Round "6"]
[White "Egenolf, Dirk"]
[Black "Genis, Roy"]
[Result "1/2-1/2"]
[WhiteElo "1911"]
[BlackElo "1947"]
[PlyCount "39"]
[EventDate "2010.03.31"]
[EventType "swiss"]
[EventRounds "7"]
[EventCountry "GER"]
[SourceTitle "EXT 2011"]
[Source "ChessBase"]
[SourceDate "2010.11.26"]
[SourceVersion "1"]
[SourceVersionDate "2010.11.26"]
[SourceQuality "1"]

1. Nf3 d5 2. g3 c5 3. Bg2 Nc6 4. 0-0 e5 5. d3 Nf6 6. Nbd2 Bd6 7. e4 d4 8. Nc4 Bc7 9. a4 Be6 10. b3 h6 11. h3 Qd7 12. Kh2 Nh7 13. Nfxe5 Bxe5 14. Nxe5 Nxe5 15. f4 Ng5 16. f5 Bxb3 17. cxb3 f6 18. h4 Ngf7 19. Bf4 b6 20. Bf3 1/2-1/2

[Event "Hessen-ch Gr-C"]
[Site "Idstein"]
[Date "2009.04.10"]
[Round "5"]
[White "Hoppe, Michael"]
[Black "Egenolf, Dirk"]
[Result "1/2-1/2"]
[WhiteElo "1935"]
[BlackElo "1896"]
[PlyCount "27"]
[EventDate "2009.04.08"]
[EventType "swiss"]
[EventRounds "7"]
[EventCountry "GER"]
[SourceTitle "EXT 2010"]
[Source "ChessBase"]
[SourceDate "2010.11.25"]
[SourceVersion "1"]
[SourceVersionDate "2010.11.25"]
[SourceQuality "1"]

1. c4 g6 2. Nc3 Bg7 3. g3 Nc6 4. Bg2 e5 5. d3 d6 6. Nf3 Nge7 7. 0-0 0-0 8. Rb1 Bd7 9. Bd2 Qc8 10. Qc1 Bh3 11. Bh6 Bxg2 12. Kxg2 Qd7 13. Bxg7 Kxg7 14. e3 1/2-1/2

[Event "Hessen-ch Gr-C 62nd"]
[Site "Hanau"]
[Date "2008.03.23"]
[Round "7"]
[White "Egenolf, Dirk"]
[Black "Fischer, Arthur"]
[Result "1-0"]
[WhiteElo "1799"]
[BlackElo "2013"]
[PlyCount "41"]
[EventDate "2008.03.19"]
[EventType "swiss"]
[EventRounds "7"]
[EventCountry "GER"]
[SourceTitle "CBM 123 Extra"]
[Source "ChessBase"]
[SourceDate "2008.05.06"]
[SourceVersion "1"]
[SourceVersionDate "2008.05.06"]
[SourceQuality "1"]

1. Nf3 d5 2. g3 Nf6 3. Bg2 c5 4. 0-0 Nc6 5. d3 e5 6. Nbd2 Be7 7. e4 0-0 8. Re1 dxe4 9. dxe4 h6 10. c3 Be6 11. Qe2 Qd7 12. Nc4 Bg4 13. Ncxe5 Nxe5 14. Nxe5 Bxe2 15. Nxd7 Nxd7 16. Rxe2 Rad8 17. f4 Nf6 18. Kf1 Rd1+ 19. Re1 Rd3 20. e5 Ng4 21. Be4 1-0

[Event "Hessen-ch Gr-C 62nd"]
[Site "Hanau"]
[Date "2008.03.22"]
[Round "6"]
[White "Powalla, Klaus"]
[Black "Egenolf, Dirk"]
[Result "0-1"]
[WhiteElo "1931"]
[BlackElo "1799"]
[PlyCount "62"]
[EventDate "2008.03.19"]
[EventType "swiss"]
[EventRounds "7"]
[EventCountry "GER"]
[SourceTitle "CBM 123 Extra"]
[Source "ChessBase"]
[SourceDate "2008.05.06"]
[SourceVersion "1"]
[SourceVersionDate "2008.05.06"]
[SourceQuality "1"]

1. Nf3 g6 2. d4 Bg7 3. b3 Nf6 4. Bb2 0-0 5. e3 d6 6. c4 Bf5 7. Bd3 Bxd3 8. Qxd3 Nbd7 9. 0-0 Re8 10. d5 e5 11. e4 Nc5 12. Qe2 Nfxe4 13. b4 Na4 14. Qxe4 Nxb2 15. Nc3 f5 16. Qc2 Nxc4 17. Nb5 a6 18. Qxc4 axb5 19. Qxb5 e4 20. Rac1 exf3 21. Qxb7 fxg2 22. Rfd1 Qb8 23. Rxc7 Qxb7 24. Rxb7 Rxa2 25. Kxg2 Ree2 26. Rc1 Rxf2+ 27. Kg1 Rac2 28. Rb8+ Kf7 29. Rxc2 Rxc2 30. b5 Rb2 31. Kf1 Bd4 0-1

[Event "Hessen-ch Gr-C 62nd"]
[Site "Hanau"]
[Date "2008.03.21"]
[Round "4"]
[White "Genis, Roy"]
[Black "Egenolf, Dirk"]
[Result "1/2-1/2"]
[WhiteElo "1917"]
[BlackElo "1799"]
[PlyCount "72"]
[EventDate "2008.03.19"]
[EventType "swiss"]
[EventRounds "7"]
[EventCountry "GER"]
[SourceTitle "CBM 123 Extra"]
[Source "ChessBase"]
[SourceDate "2008.05.06"]
[SourceVersion "1"]
[SourceVersionDate "2008.05.06"]
[SourceQuality "1"]

1. e4 c5 2. c3 e6 3. d4 cxd4 4. cxd4 Bb4+ 5. Bd2 Bxd2+ 6. Qxd2 Nf6 7. Nc3 d6 8. Nf3 0-0 9. Be2 a6 10. 0-0 b5 11. a3 Bb7 12. Bd3 Nbd7 13. Rfc1 Nb6 14. Rc2 Qe7 15. Rac1 Rac8 16. Qe2 Rc7 17. Na2 Rfc8 18. Nb4 Ne8 19. b3 Rxc2 20. Rxc2 Rxc2 21. Qxc2 Qc7 22. Ne1 Qxc2 23. Nexc2 Nc7 24. Ne3 a5 25. Na2 Kf8 26. Nc3 Bc6 27. f3 h6 28. b4 axb4 29. axb4 d5 30. exd5 Nbxd5 31. Ncxd5 Nxd5 32. Nxd5 exd5 33. Kf2 Ke7 34. g4 g5 35. Kg3 f6 36. f4 Kd6 1/2-1/2